Precios y salarios: desigual competencia /

Se comenta que se da un aumento desigual entre precios y salarios. Hay grandes incrementos de precios de artículos de la canasta basica, de agua y de electricidad. El salario no soporta todos estos aumentos, con cada aumento hay una perdida creciente de la capacidad real de compra de los sectores de...

Deskribapen osoa

Gorde:
Xehetasun bibliografikoak
Egile nagusia: Morales Gamboa, Abelardo
Formatua: Texto
Gaiak:
Etiketak: Etiketa erantsi
Etiketarik gabe, Izan zaitez lehena erregistro honi etiketa jartzen!

MARC

LEADER 00000 a a2200000 04500
001 1760
003
040
100 |a Morales Gamboa, Abelardo  
245 |a Precios y salarios:   |b desigual competencia /  |c Abelardo Morales Gamboa 
520 |a Se comenta que se da un aumento desigual entre precios y salarios. Hay grandes incrementos de precios de artículos de la canasta basica, de agua y de electricidad. El salario no soporta todos estos aumentos, con cada aumento hay una perdida creciente de la capacidad real de compra de los sectores de más bajos recursos económicos para dejar clara la diferencia entre precios y salarios se presenta incluyen cuadros estadísticos que evidencian claramente estos aspectos. OB/agv  
650 |a CONDICIONES ECONOMICAS  
650 |a PRECIOS  
650 |a SALARIOS  
650 |a INGRESO  
650 |a POLITICA ECONOMICA  
650 |a BANCO CENTRAL DE COSTA RICA  
650 |a INFLACION  
650 |a CRECIMIENTO ECONOMICO  
650 |a PRECIOS  
650 |a SALARIOS  
773 |g volumen 7, número 40; páginas 6-8  
999 |c 31670  |d 31670